| 000 | 00546nam a2200205 a 4500 | ||
|---|---|---|---|
| 001 | BRCA_4163 | ||
| 005 | 20190320204552.0 | ||
| 008 | 060510s1969----mx-a######---#000-0#spa-# | ||
| 041 | _aspa | ||
| 044 | _amx | ||
| 050 | 4 |
_aPR2898.S5 _b.S52 1969 |
|
| 245 | 1 | 0 | _aShakespeare. |
| 260 |
_aMéxico _bCultural y Educativa _c1969 |
||
| 300 |
_a75 p. _bil. (algunas a color) _c30 cm. |
||
| 440 | 0 |
_aLos Grandes de todos los tiempos _v35 _910759 |
|
| 500 | _aC195 | ||
| 600 | 1 | 4 |
_aShakespeare, William _d1564-1616 _910760 |
| 902 | _aGFM | ||
| 942 |
_2lcc _cB |
||
| 999 |
_c3879 _d3879 |
||